statistieken voor Top 5 Landen met de Meeste Inwoners per Halfrond

Klik hier om de quiz te nemen!

Generale statistieken

  • Deze quiz is al 195 keer genomen
  • De gemiddelde score is 15 of 20

Antwoord statistieken

Inwoners Land % Correct
1,439 milChina
99%
331 milVerenigde Staten
98%
1,380 milIndia
97%
128 milMexico
97%
212 milBrazilië
95%
45 milArgentinië
94%
32 milPeru
86%
48 milColombia
85%
19 milChili
85%
59 milZuid-Afrika
84%
273 milIndonesië
83%
53 milCongo-Kinshasa
76%
46 milSpanje
65%
65 milVerenigd Koninkrijk
63%
15 milEcuador
62%
220 milPakistan
59%
206 milNigeria
56%
59 milTanzania
53%
164 milBangladesh
53%
53 milKenia
45%

Score Distributie

Percentiel op hoeveel beantwoord

Procent van mensen met elke score

Uw Scoregeschiedenis

U hebt deze quiz nog niet genomen